000 00262nam a22001097a 4500
008 140207t xxu||||| |||| 00| 0 eng d
020 _a0-7879-6056-X
100 _aJames M. Wood
_9651
245 _aWhat's Wrong with the Rorschach?
300 _a446
942 _2ddc
_cBK
999 _c16912
_d16912